Hospodársky cyklus v kontexte ekonomickej a menovej integrácie
Problematika hospodárskeho cyklu vystúpila do popredia najmä v súvislosti s kreáciou hospodárskej a menovej únie v Európe. Čoraz väčší dôraz sa kladie na synchronizáciu hospodárskych cyklov vzhľadom na fakt, že ECB by mala realizovať monetárnu politiku zodpovedajúcu štádiu hospodárskeho cyklu krajín...
Salvato in:
| Autore principale: | |
|---|---|
| Natura: | Capitolo di libro |
| Lingua: | slovacco |
| Soggetti: | |
| Tags: |
Nessun Tag, puoi essere il primo ad aggiungerne!!
|
MARC
| LEADER | 00000naa$a2200000$$$4500 | ||
|---|---|---|---|
| 001 | 0045081 | ||
| 005 | 20240502071524.9 | ||
| 041 | 0 | |a slo | |
| 044 | |a SK | ||
| 245 | 1 | 0 | |a Hospodársky cyklus v kontexte ekonomickej a menovej integrácie |c Eva Muchová |
| 520 | |a Problematika hospodárskeho cyklu vystúpila do popredia najmä v súvislosti s kreáciou hospodárskej a menovej únie v Európe. Čoraz väčší dôraz sa kladie na synchronizáciu hospodárskych cyklov vzhľadom na fakt, že ECB by mala realizovať monetárnu politiku zodpovedajúcu štádiu hospodárskeho cyklu krajín eurozóny. Názory svetových ekonómov na EMÚ. Problémy v eurozóne. | ||
| 610 | 2 | 0 | |a Európska únia |
| 610 | 2 | 0 | |a Európska menová únia |
| 610 | 2 | 0 | |a eurozóna |
| 610 | 2 | 0 | |a cykly hospodárske |
| 100 | 1 | |a Muchová, Eva, 1961- | |